000 00574nmm a2200169Ia 4500
008 251105s9999||||xx |||||||||||||||||und||
020 _a9788416922376
041 _aspa
100 _aBagué Quílez, Luis (ed.)
245 0 _aCosas que el dinero puede comprar :
_b Del eslogan al poema
264 _a[Madrid, España] :
_bIberoamericana Vervuert,
_c2018
300 _a431 páginas
490 _aLa Casa de la Riqueza. Estudios de Cultura de España
650 _aMedia Studies (Journ., TV, etc)
856 _uhttps://public.digitaliapublishing.com/a/57326
942 _cCF
999 _c78106
_d78106